| 000 | 00719nam a2200241 4500 | ||
|---|---|---|---|
| 001 | 141972 | ||
| 003 | ES-MaACL | ||
| 005 | 20230906200419.0 | ||
| 007 | t| | ||
| 008 | 071001s1984 sp ||||0| spa d | ||
| 020 | _a84-7423-238-4 | ||
| 080 | _a930.85"19" | ||
| 100 | 1 |
_aWilliams, Raymond. _9116947 |
|
| 245 | 1 | 0 |
_aHacia el año 2000 / _cRaymond Williams ; [traducción castellana de Paloma Villegas]. |
| 260 |
_aBarcelona : _bCrítica, _c1984. |
||
| 300 |
_a311 p. ; _c20 cm. |
||
| 490 | 1 |
_aEstudios y ensayos ; _v128 |
|
| 650 | 4 |
_aCivilización- _yS.XX. _911085 |
|
| 700 | 1 |
_aVillegas, Paloma. _9115212 |
|
| 830 | 1 |
_aEstudios y ensayos ; _v128 _9181863 |
|
| 852 |
_aES-MaACL _jL-6582 |
||
| 999 |
_c141972 _d141972 |
||